00353 2200145 4500001002100000008004100021035002000062245002400082100002100106260003000127300000700157082001100164650001200175990002000187INLIS000000000002048 ind  a0010-0824000809 aHarimau Menipu Kera aMB. Rahimsyah AR bSerba Jaya Surabayac2020 a16 a398.50 aDongeng a4491/BBTIV/2023